| 000 | 00374nam a2200133Ia 4500 | ||
|---|---|---|---|
| 008 | 240112s1957 AUG xx 000 0 und d | ||
| 022 | _a54-6097 | ||
| 041 | _aeng | ||
| 082 | _a618.92705 | ||
| 100 | _aFISCHER C.C. | ||
| 245 | _aPEDIATRIC CLINICS OF NORTH NORTH AMERICA: SYMPOSIUM ON HANDICAPS & THEIR PREVENTION | ||
| 260 |
_bSAUNDERS _c1957 AUG |
||
| 300 | _a797,HB | ||
| 999 |
_c1141488 _d1141488 |
||